Thermal analysis and design of passive solar buildings (Record no. 7333)

000 -LEADER
fixed length control field 00755nam a22002534a 4500
001 - CONTROL NUMBER
control field 7333
003 - CONTROL NUMBER IDENTIFIER
control field BD-DhUET
008 - FIXED-LENGTH DATA ELEMENTS--GENERAL INFORMATION
fixed length control field 070608s2002 enka b 001 0 eng c
020 ## - INTERNATIONAL STANDARD BOOK NUMBER
International Standard Book Number 1902916026
040 ## - CATALOGING SOURCE
Original cataloging agency UKM
Transcribing agency UKM
Modifying agency BD-DhUET
082 ## - DEWEY DECIMAL CLASSIFICATION NUMBER
Classification number 621.47
Item number ATH/2002
100 ## - MAIN ENTRY--PERSONAL NAME
Personal name Athienitis, A. K.
245 10 - TITLE STATEMENT
Title Thermal analysis and design of passive solar buildings
Statement of responsibility, etc. by A.K. Athienitis and M. Santamouris
250 ## - EDITION STATEMENT
Edition statement 1st ed.
260 ## - PUBLICATION, DISTRIBUTION, ETC. (IMPRINT)
Place of publication, distribution, etc. London
Name of publisher, distributor, etc. James & James
Date of publication, distribution, etc. 2002
300 ## - PHYSICAL DESCRIPTION
Extent viii, 288 p.
Other physical details ill.
Dimensions 24 cm.
504 ## - BIBLIOGRAPHY, ETC. NOTE
Bibliography, etc Includes bibliographies
650 #0 - SUBJECT ADDED ENTRY--TOPICAL TERM
Topical term or geographic name as entry element Solar buildings
650 #0 - SUBJECT ADDED ENTRY--TOPICAL TERM
Topical term or geographic name as entry element Solar heating
650 #0 - SUBJECT ADDED ENTRY--TOPICAL TERM
Topical term or geographic name as entry element Thermal analysis
700 1# - ADDED ENTRY--PERSONAL NAME
Personal name Santamouris, M.
942 ## - ADDED ENTRY ELEMENTS (KOHA)
Koha item type General Book
856 41 - ELECTRONIC LOCATION AND ACCESS
Uniform Resource Identifier http://www.loc.gov/catdir/toc/fy0713/2007276676.html
Holdings
Location (home branch) Not for loan Koha full call number Price effective from Shelving location Koha date last seen Piece designation (barcode) Withdrawn status Source of classification or shelving scheme Damaged status Copy number Sublocation or collection (holding branch) Lost status Date acquired Koha item type Koha normalized classification for sorting
Central Library, BUET 621.47/ATH/20022014-12-08Circulation section2014-12-0898663   1Central Library, BUET 2014-12-08General Book621_000000000000000_47ATH2002